000 00592nam a22002297a 4500
001 43858
003 UA-OsUOA
005 20211018211157.0
007 ta
008 20070127b un ||||| |||| 00| 0 ukr d
040 _aUA-OsUOA
_brus
_cUA-OsUOA
_dUA-OsUOA
041 _arus
080 _a94(470+57)
090 _a94(470+57)
_bС64
100 _aСопронюк В. З.
245 _aКак погиб российский царизм
_bпублицистика
260 _aЛуцьк
_c2005
300 _a42 с.
650 7 _a94 Історія
_2UDC
942 _cBK
_2udc
955 _a4
999 _c329980
_d329980